000 00455ntaaa2200169 4500
003 01
005 20251027201954.0
008 0714s1973 ag 01
040 _aAR-BaBN
_bspa
_cAR-BaBN
_eaacr
_dRIC
082 _a254.3000 G19
100 _aGarrido, Aldama M.
_918329
245 _aRadiofonía Evangélica en América Latina, ¿por qué? cómo?
250 _a1 ed. :
_bAurora,
_c1948
300 _a131 p.
650 _aEvangelismo-Radiofonía
942 _cBK
999 _c14492
_d14492